[Event "Cappelle op 40th"]
[Site "Cappelle la Grande"]
[Date "2024.03.02"]
[Round "1"]
[White "Roger, Mehdi"]
[Black "Can, Emre"]
[Result "0-1"]
[WhiteElo "2106"]
[BlackElo "2551"]
[PlyCount "82"]
[EventDate "2024.03.02"]
[EventType "swiss"]
[EventRounds "9"]
[EventCountry "FRA"]
[SourceTitle "CB11_2024"]
[SourceDate "2024.03.13"]
[SourceVersion "1"]
[SourceVersionDate "2024.03.13"]
[SourceQuality "1"]

1. e4 c5 2. Nf3 d6 3. d4 cxd4 4. Nxd4 Nf6 5. Nc3 a6 6. f3 e5 7. Nb3 Be6 8. Be3 Be7 9. Qd2 h5 10. Nd5 Nxd5 11. exd5 Bf5 12. Bd3 Bxd3 13. Qxd3 Bh4+ 14. g3 Bg5 15. 0-0-0 Bxe3+ 16. Qxe3 Nd7 17. Kb1 Rc8 18. h4 Nf6 19. Qg5 0-0 20. g4 hxg4 21. fxg4 Rc4 22. Rhg1 Qc8 23. Qe3 Rxg4 24. Qb6 Rxg1 25. Rxg1 Qd7 26. Na5 Nxd5 27. Qxb7 Nc3+ 28. bxc3 Qxb7+ 29. Nxb7 Rb8 30. Rg4 Rxb7+ 31. Rb4 Rd7 32. Rb6 a5 33. Kc1 f5 34. Kd2 Kf7 35. Ra6 Kg6 36. Rxa5 Kh5 37. Rd5 Kxh4 38. c4 Rc7 39. Rxd6 Rxc4 40. Re6 e4 41. Rg6 Rc7 0-1

[Event "BEL-chT 2122"]
[Site "Belgium"]
[Date "2022.02.20"]
[Round "8.6"]
[White "Roger, Mehdi"]
[Black "Lenaerts, Lennert"]
[Result "1/2-1/2"]
[WhiteElo "2118"]
[BlackElo "2353"]
[PlyCount "68"]
[EventDate "2021.10.24"]
[EventType "team-tourn"]
[EventRounds "11"]
[EventCountry "BEL"]
[SourceTitle "EXT 2023"]
[Source "ChessBase"]
[SourceDate "2022.10.05"]
[SourceVersion "1"]
[SourceVersionDate "2022.10.05"]
[SourceQuality "1"]
[WhiteTeam "Oostende"]
[BlackTeam "Liege Crelel"]
[WhiteTeamCountry "BEL"]
[BlackTeamCountry "BEL"]

1. e4 e5 2. Nf3 Nc6 3. Nc3 Nf6 4. d4 exd4 5. Nxd4 Bb4 6. Nxc6 bxc6 7. Bd3 d5 8. Bd2 0-0 9. 0-0 Re8 10. exd5 Nxd5 11. Nxd5 Bxd2 12. Qxd2 cxd5 13. Rfe1 Be6 14. Re5 Qd6 15. Rae1 f6 16. R5e2 Rab8 17. b3 g6 18. f4 Bf7 19. Rxe8+ Rxe8 20. Rxe8+ Bxe8 21. Qe3 Qb6 22. Kf2 Kf8 23. Qxb6 axb6 24. Ke3 Ke7 25. a3 Kd6 26. b4 c5 27. c3 h6 28. g3 g5 29. h4 Ba4 30. Be2 Bc2 31. Bf1 Bb3 32. Bd3 Kc6 33. Be2 Ba4 34. Bd3 Kd6 1/2-1/2

[Event "Charleroi op"]
[Site "Roux"]
[Date "2019.07.31"]
[Round "6"]
[White "Roger, Mehdi"]
[Black "Faybish, Nimrod"]
[Result "1/2-1/2"]
[WhiteElo "2125"]
[BlackElo "2220"]
[PlyCount "72"]
[EventDate "2019.07.27"]
[EventType "swiss"]
[EventRounds "9"]
[EventCountry "BEL"]
[SourceTitle "CBM 191 Extra"]
[Source "ChessBase"]
[SourceDate "2019.09.30"]
[SourceVersion "1"]
[SourceVersionDate "2019.09.30"]
[SourceQuality "1"]

1. e4 c5 2. Nf3 Nc6 3. d4 cxd4 4. Nxd4 Nf6 5. Nc3 e5 6. Ndb5 d6 7. Bg5 a6 8. Na3 b5 9. Nd5 Be7 10. Bxf6 Bxf6 11. c4 b4 12. Nc2 a5 13. g3 0-0 14. Bg2 Bg5 15. 0-0 Be6 16. Qd3 Qb8 17. h4 Bh6 18. Rad1 Ra7 19. Nde3 Bxe3 20. Nxe3 Nd4 21. b3 a4 22. Nc2 Nxc2 23. Qxc2 Qb6 24. Qd3 axb3 25. axb3 Ra3 26. Rd2 Rc8 27. Rc1 Rc6 28. Kh2 Qc5 29. Bh3 Bxh3 30. Kxh3 Rca6 31. Rcd1 h6 32. Kg2 Qc6 33. Qf3 Qc7 34. Rd5 Rc6 35. Rb5 Rca6 36. Rbd5 R3a5 1/2-1/2

[Event "Avoine op 33rd"]
[Site "Avoine"]
[Date "2018.07.27"]
[Round "7"]
[White "Yche, Michel"]
[Black "Roger, Mehdi"]
[Result "1/2-1/2"]
[WhiteElo "1924"]
[BlackElo "2177"]
[PlyCount "39"]
[EventDate "2018.07.21"]
[EventType "swiss"]
[EventRounds "9"]
[EventCountry "FRA"]
[SourceTitle "CBM 185 Extra"]
[Source "ChessBase"]
[SourceDate "2018.07.29"]
[SourceVersion "1"]
[SourceVersionDate "2018.07.29"]
[SourceQuality "1"]

1. e4 e6 2. d4 d5 3. e5 c5 4. c3 Qb6 5. a3 Nc6 6. Nf3 Bd7 7. b4 cxd4 8. cxd4 Rc8 9. Be3 Nge7 10. Bd3 Nf5 11. 0-0 Nxe3 12. fxe3 Be7 13. Qe1 0-0 14. Nc3 f5 15. exf6 Bxf6 16. Na4 Qd8 17. Nc5 b6 18. Nxd7 Qxd7 19. Qg3 Ne7 20. Ne5 1/2-1/2

[Event "Avoine op 33rd"]
[Site "Avoine"]
[Date "2018.07.24"]
[Round "4"]
[White "Roger, Mehdi"]
[Black "Bernhard, Simon"]
[Result "1/2-1/2"]
[WhiteElo "2177"]
[BlackElo "1863"]
[PlyCount "146"]
[EventDate "2018.07.21"]
[EventType "swiss"]
[EventRounds "9"]
[EventCountry "FRA"]
[SourceTitle "CBM 185 Extra"]
[Source "ChessBase"]
[SourceDate "2018.07.29"]
[SourceVersion "1"]
[SourceVersionDate "2018.07.29"]
[SourceQuality "1"]

1. e4 c5 2. Nf3 d6 3. c3 Nf6 4. Be2 Bd7 5. Qc2 Qc7 6. 0-0 g6 7. Re1 Bg7 8. h3 0-0 9. Bf1 b5 10. d3 Qb7 11. Bf4 Bc6 12. Nbd2 e5 13. Bh2 Nh5 14. d4 Nf4 15. g3 Nh5 16. Bg2 Na6 17. d5 Bd7 18. b3 Nc7 19. c4 b4 20. Kh1 a5 21. a4 bxa3 22. Rxa3 Na6 23. Rea1 Nb4 24. Qc3 Qb6 25. Bg1 h6 26. Kh2 f5 27. Ne1 fxe4 28. Bxe4 Bf5 29. f3 Qd8 30. Bf2 Qd7 31. Rxa5 Rxa5 32. Rxa5 Kh7 33. g4 Bxe4 34. Nxe4 Nf4 35. Qe3 h5 36. Ng2 hxg4 37. hxg4 Nbd3 38. Nxf4 Nxf4 39. Ng5+ Kg8 40. Ne4 Bh6 41. Ra8 Kh8 42. Rxf8+ Bxf8 43. Bg3 Bh6 44. Qc1 Qh7 45. Qh1 Bg5+ 46. Kg1 Ne2+ 47. Kg2 Qxh1+ 48. Kxh1 Be7 49. Kg2 Nd4 50. f4 exf4 51. Bxf4 Nxb3 52. Bxd6 Bxd6 53. Nxd6 Kg8 54. Kf3 Kf8 55. Ne4 Na5 56. Nxc5 Nxc4 57. Kf4 Ke7 58. Ne4 Nb6 59. Ke5 Nd7+ 60. Kd4 Nf8 61. g5 Nd7 62. Kc4 Ne5+ 63. Kc5 Kd7 64. Nf6+ Ke7 65. Ne4 Kd7 66. Kd4 Nf7 67. Kc4 Ke7 68. Kc5 Kd7 69. Nf6+ Kc7 70. Ne4 Kd7 71. Kb6 Nxg5 72. Nxg5 Kd6 73. Kb5 Kxd5 1/2-1/2

[Event "Avoine op 33rd"]
[Site "Avoine"]
[Date "2018.07.21"]
[Round "1"]
[White "Nottola, Adrien"]
[Black "Roger, Mehdi"]
[Result "1/2-1/2"]
[WhiteElo "1855"]
[BlackElo "2177"]
[PlyCount "97"]
[EventDate "2018.07.21"]
[EventType "swiss"]
[EventRounds "9"]
[EventCountry "FRA"]
[SourceTitle "CBM 185 Extra"]
[Source "ChessBase"]
[SourceDate "2018.07.29"]
[SourceVersion "1"]
[SourceVersionDate "2018.07.29"]
[SourceQuality "1"]

1. e4 c5 2. Nf3 d6 3. d4 cxd4 4. Qxd4 Nc6 5. Bb5 Bd7 6. Bxc6 Bxc6 7. Nc3 h6 8. Be3 e5 9. Qd3 Nf6 10. 0-0-0 a6 11. h3 b5 12. Nh4 Qa5 13. Nf5 0-0-0 14. Nd5 Nxd5 15. exd5 Bb7 16. Qb3 g6 17. Ng3 Kb8 18. Kb1 Rc8 19. f4 f5 20. Bd2 Qc7 21. Rhe1 Bg7 22. Ne2 Qc4 23. Qxc4 Rxc4 24. b3 Re4 25. fxe5 Bxe5 26. Nc3 Rxe1 27. Bxe1 Re8 28. Rd3 Bf6 29. Bg3 Kc7 30. Kc1 g5 31. Kd2 f4 32. Bf2 Kd7 33. Nd1 Re4 34. Bb6 Re5 35. Bd4 Rf5 36. Bxf6 Rxf6 37. Nf2 Rf7 38. c4 Kc7 39. Kc3 Re7 40. Ng4 Re2 41. Rd2 Re7 42. Nxh6 Bc8 43. Ng8 Re3+ 44. Kb4 Kb6 45. cxb5 axb5 46. Nf6 Bf5 47. a4 bxa4 48. bxa4 f3 49. gxf3 1/2-1/2

[Event "Lille Luce op 6th"]
[Site "Lille"]
[Date "2015.05.05"]
[Round "2"]
[White "Roger, Mehdi"]
[Black "Farrington, Edward"]
[Result "0-1"]
[WhiteElo "2176"]
[BlackElo "2024"]
[PlyCount "78"]
[EventDate "2015.05.04"]
[EventType "swiss"]
[EventRounds "9"]
[EventCountry "FRA"]
[SourceTitle "EXT 2017"]
[Source "ChessBase"]
[SourceDate "2016.10.25"]
[SourceVersion "1"]
[SourceVersionDate "2016.10.25"]
[SourceQuality "1"]

1. e4 c5 2. Nf3 e6 3. d3 d5 4. Nbd2 Nc6 5. g3 Bd6 6. Bg2 Nge7 7. 0-0 Qc7 8. Re1 0-0 9. Nh4 Bd7 10. f4 f6 11. c3 d4 12. c4 Rab8 13. Nhf3 a6 14. Kh1 b5 15. b3 e5 16. f5 Nb4 17. Bf1 a5 18. a3 Na6 19. cxb5 Rxb5 20. a4 Rb7 21. g4 Rfb8 22. Be2 Nc6 23. Rg1 c4 24. bxc4 Nc5 25. g5 Kh8 26. Bf1 Nb4 27. Ne1 Bc6 28. g6 h6 29. Rg3 Kg8 30. Kg1 Qd7 31. Qh5 Nxa4 32. Ndf3 Bf8 33. Bh3 Qc7 34. Ng5 fxg5 35. Bxg5 Nxd3 36. Bxh6 gxh6 37. f6 Nf4 38. g7 Nxh5 39. Be6+ Qf7 0-1

[Event "Lille Luce op 5th"]
[Site "Lille"]
[Date "2014.04.29"]
[Round "2"]
[White "Roger, Mehdi"]
[Black "Cawdery, Daniel"]
[Result "0-1"]
[WhiteElo "2202"]
[BlackElo "2395"]
[PlyCount "90"]
[EventDate "2014.04.28"]
[EventType "swiss"]
[EventRounds "9"]
[EventCountry "FRA"]
[SourceTitle "CBM 160 Extra"]
[Source "ChessBase"]
[SourceDate "2014.07.01"]
[SourceVersion "1"]
[SourceVersionDate "2014.07.01"]
[SourceQuality "1"]

1. d4 Nf6 2. c4 g6 3. Nc3 d5 4. cxd5 Nxd5 5. e4 Nxc3 6. bxc3 Bg7 7. Bc4 c5 8. Ne2 Nc6 9. Be3 0-0 10. 0-0 Na5 11. Bd3 b6 12. Rc1 e5 13. dxc5 Be6 14. cxb6 axb6 15. c4 Qb8 16. Rc3 Rc8 17. Qc2 Bf8 18. Rb1 Bc5 19. Bxc5 Rxc5 20. Nc1 Qd8 21. Nb3 Rcc8 22. Nxa5 Rxa5 23. Rb5 Ra7 24. Bf1 Rd7 25. Rd3 Bxc4 26. Rxd7 Qxd7 27. Qxc4 Rxc4 28. Bxc4 Qd4 29. Bf1 Kg7 30. Rb1 f5 31. exf5 gxf5 32. Re1 f4 33. g3 Kf6 34. gxf4 exf4 35. Rb1 Ke7 36. Rb5 Qg7+ 37. Kh1 Qa1 38. Kg1 Qg7+ 39. Kh1 Qd4 40. Kg1 Kd6 41. a4 f3 42. a5 Qg7+ 43. Kh1 Qa1 44. Kg1 bxa5 45. Rf5 a4 0-1

[Event "Cappelle op 30th"]
[Site "Cappelle la Grande"]
[Date "2014.03.06"]
[Round "7"]
[White "Roger, Mehdi"]
[Black "Shirazi, Kamran"]
[Result "1-0"]
[WhiteElo "2173"]
[BlackElo "2375"]
[PlyCount "151"]
[EventDate "2014.03.01"]
[EventType "swiss"]
[EventRounds "9"]
[EventCountry "FRA"]
[SourceTitle "CBM 159 Extra"]
[Source "ChessBase"]
[SourceDate "2014.04.24"]
[SourceVersion "1"]
[SourceVersionDate "2014.04.24"]
[SourceQuality "1"]

1. e4 c5 2. Nf3 a6 3. c3 g6 4. d4 cxd4 5. cxd4 d5 6. exd5 Nf6 7. Nc3 Bg7 8. Be2 Nxd5 9. Nxd5 Qxd5 10. 0-0 Nc6 11. Be3 0-0 12. Qd2 Rd8 13. Rfd1 Bf5 14. b3 Be4 15. Rac1 Qd6 16. Qe1 Qb4 17. Qxb4 Nxb4 18. a3 Na2 19. Rc5 b6 20. Rc7 Bd5 21. Ra1 Bxb3 22. Bc4 Bxc4 23. Rxc4 e5 24. Rxa2 exd4 25. Bd2 b5 26. Rc7 d3 27. g3 a5 28. Rc5 b4 29. axb4 axb4 30. Rxa8 Rxa8 31. Bxb4 h6 32. Rd5 Rb8 33. Bd2 Rb3 34. Rd8+ Kh7 35. Kg2 Bf6 36. Rd7 Kg7 37. Ne1 Bg5 38. Bxg5 hxg5 39. Nxd3 Kf6 40. Nc5 Rb4 41. h3 g4 42. hxg4 Rc4 43. Rd5 Ke7 44. g5 Rc2 45. Kf3 Rc3+ 46. Kf4 Rc4+ 47. Ke5 Rc2 48. Ne4 Re2 49. Rd2 Re1 50. Ra2 Kf8 51. Ra8+ Kg7 52. Kf4 Re2 53. f3 Rb2 54. Rd8 Rb4 55. g4 Ra4 56. Kg3 Ra3 57. Nd6 Ra7 58. Kh4 Ra3 59. Kg3 Ra7 60. Rc8 Ra5 61. Rc7 Rxg5 62. Rxf7+ Kg8 63. Ra7 Rc5 64. Ne4 Rc6 65. Kf4 Kf8 66. Kg5 Rb6 67. f4 Re6 68. Ng3 Rb6 69. Ne2 Rd6 70. Ng1 Rd3 71. Kxg6 Rg3 72. Kf6 Ke8 73. g5 Rxg1 74. g6 Rb1 75. Ra8+ Kd7 76. g7 1-0

[Event "Cappelle op 30th"]
[Site "Cappelle la Grande"]
[Date "2014.03.01"]
[Round "1"]
[White "Roger, Mehdi"]
[Black "Kukov, Velislav"]
[Result "0-1"]
[WhiteElo "2173"]
[BlackElo "2399"]
[PlyCount "56"]
[EventDate "2014.03.01"]
[EventType "swiss"]
[EventRounds "9"]
[EventCountry "FRA"]
[SourceTitle "CBM 159 Extra"]
[Source "ChessBase"]
[SourceDate "2014.04.24"]
[SourceVersion "1"]
[SourceVersionDate "2014.04.24"]
[SourceQuality "1"]

1. e4 c6 2. d4 d5 3. e5 Na6 4. c3 Nc7 5. Bd3 g6 6. Ne2 h5 7. 0-0 Nh6 8. Bxh6 Bxh6 9. Qc2 Ne6 10. b4 Ng7 11. Nd2 Bf5 12. Nb3 0-0 13. a4 e6 14. a5 Qe7 15. Nc5 h4 16. Kh1 b6 17. axb6 axb6 18. Nb3 Qg5 19. h3 Qh5 20. Rxa8 Rxa8 21. Ra1 Rxa1+ 22. Nxa1 Bxh3 23. gxh3 Qf3+ 24. Kg1 Qxh3 25. Nb3 Nh5 26. Nd2 Ng3 27. Nxg3 hxg3 28. Nf1 g2 0-1

[Event "Avoine op 28th"]
[Site "Avoine"]
[Date "2013.07.21"]
[Round "2"]
[White "Colin, Vincent"]
[Black "Roger, Mehdi"]
[Result "1-0"]
[WhiteElo "2402"]
[BlackElo "2165"]
[PlyCount "87"]
[EventDate "2013.07.20"]
[EventType "swiss"]
[EventRounds "9"]
[EventCountry "FRA"]
[SourceTitle "CBM 155 Extra"]
[Source "ChessBase"]
[SourceDate "2013.08.26"]
[SourceVersion "1"]
[SourceVersionDate "2013.08.26"]
[SourceQuality "1"]

1. d4 Nf6 2. c4 g6 3. Nc3 Bg7 4. e4 d6 5. f4 0-0 6. Nf3 c5 7. d5 e6 8. Be2 exd5 9. exd5 Nh5 10. Bd2 f5 11. 0-0 h6 12. g3 Kh7 13. Qc2 Nd7 14. Bd3 Ndf6 15. Rae1 a6 16. Re2 Re8 17. Rg2 Ng4 18. Nd1 Bd4+ 19. Nxd4 cxd4 20. h3 Ne3 21. Nxe3 dxe3 22. Bc3 Nf6 23. Bd4 Bd7 24. Rf3 Rc8 25. Qe2 b5 26. b3 bxc4 27. bxc4 Ne4 28. Rxe3 Qa5 29. g4 Nc5 30. gxf5 Rxe3 31. Qxe3 Re8 32. Qf3 Nxd3 33. fxg6+ Kg8 34. Qxd3 Qe1+ 35. Kh2 Qe4 36. Qxe4 Rxe4 37. Ba1 Bf5 38. c5 dxc5 39. d6 Re1 40. Be5 Rd1 41. g7 Rb1 42. d7 Bxd7 43. Rg6 Bf5 44. Rf6 1-0

[Event "Avoine op 28th"]
[Site "Avoine"]
[Date "2013.07.20"]
[Round "1"]
[White "Roger, Mehdi"]
[Black "Le Franc, Yves"]
[Result "1-0"]
[WhiteElo "2165"]
[BlackElo "1978"]
[PlyCount "53"]
[EventDate "2013.07.20"]
[EventType "swiss"]
[EventRounds "9"]
[EventCountry "FRA"]
[SourceTitle "CBM 155 Extra"]
[Source "ChessBase"]
[SourceDate "2013.08.26"]
[SourceVersion "1"]
[SourceVersionDate "2013.08.26"]
[SourceQuality "1"]

1. e4 c5 2. Nf3 d6 3. d4 cxd4 4. Nxd4 Nf6 5. Nc3 a6 6. Bg5 e6 7. f4 Nbd7 8. Qf3 Qc7 9. 0-0-0 b5 10. e5 Bb7 11. Qh3 dxe5 12. Nxe6 Qb6 13. Nxf8 Kxf8 14. Bxf6 Nxf6 15. fxe5 Ne8 16. Bd3 b4 17. Ne4 Qa5 18. Kb1 Qxe5 19. Rhe1 h6 20. Ng3 Qc7 21. Nf5 Bc8 22. Qf3 Bb7 23. Qg4 Qb6 24. Rxe8+ Kxe8 25. Qxg7 Rf8 26. Qe5+ Kd8 27. Bb5+ 1-0

[Event "Lille Luce op 4th"]
[Site "Lille"]
[Date "2013.04.17"]
[Round "7"]
[White "Roger, Mehdi"]
[Black "Aguero Jimenez, Luis Lazaro"]
[Result "1-0"]
[WhiteElo "2146"]
[BlackElo "2428"]
[PlyCount "83"]
[EventDate "2013.04.13"]
[EventType "swiss"]
[EventRounds "9"]
[EventCountry "FRA"]
[SourceTitle "CBM 154 Extra"]
[Source "ChessBase"]
[SourceDate "2013.06.25"]
[SourceVersion "2"]
[SourceVersionDate "2013.06.25"]
[SourceQuality "1"]

1. e4 c5 2. Nf3 e6 3. d4 cxd4 4. Nxd4 Qb6 5. Nb3 Qc7 6. Nc3 a6 7. Bd3 b5 8. 0-0 Bb7 9. f4 Nf6 10. e5 b4 11. exf6 bxc3 12. fxg7 Bxg7 13. bxc3 Bxc3 14. Rb1 Rg8 15. Rf2 Qb6 16. Bf1 Bd5 17. Bb2 Bxb2 18. Rxb2 Nc6 19. c4 Be4 20. c5 Qb4 21. Rbd2 Ra7 22. Bd3 Bxd3 23. Rxd3 a5 24. Nd4 Nxd4 25. Rxd4 Qc3 26. Rfd2 Rg6 27. Rxd7 Qxc5+ 28. Kh1 Rxd7 29. Rxd7 Qc6 30. Rd2 Rf6 31. Rf2 Rf5 32. h3 h5 33. Qd4 Rd5 34. Qa1 Qd6 35. Rf1 Ke7 36. f5 e5 37. f6+ Ke6 38. Qb1 Rd3 39. Qb5 Qd5 40. Qe8+ Kd6 41. Qd8+ Ke6 42. Qe7# 1-0

[Event "Lille Luce op 4th"]
[Site "Lille"]
[Date "2013.04.13"]
[Round "1"]
[White "Manolache, Marius"]
[Black "Roger, Mehdi"]
[Result "1-0"]
[WhiteElo "2501"]
[BlackElo "2146"]
[PlyCount "67"]
[EventDate "2013.04.13"]
[EventType "swiss"]
[EventRounds "9"]
[EventCountry "FRA"]
[SourceTitle "CBM 154 Extra"]
[Source "ChessBase"]
[SourceDate "2013.06.25"]
[SourceVersion "2"]
[SourceVersionDate "2013.06.25"]
[SourceQuality "1"]

1. d4 Nf6 2. Bg5 b6 3. Bxf6 exf6 4. Nf3 Bb7 5. e3 g6 6. c4 Bg7 7. Nc3 f5 8. g3 0-0 9. Bg2 d6 10. 0-0 Nd7 11. Rc1 Nf6 12. Qa4 Qe7 13. Rfd1 Rfd8 14. Ne1 Bxg2 15. Nxg2 Qd7 16. Qa6 c6 17. b4 Ne4 18. Nxe4 fxe4 19. b5 Bh6 20. Qa4 Rac8 21. Qb3 Qe7 22. Ne1 Bg7 23. bxc6 Rxc6 24. Nc2 Rcc8 25. Nb4 Qd7 26. Nd5 Kh8 27. Qb5 Qh3 28. Qa4 Ra8 29. Qc6 f5 30. Nf4 Qh6 31. Ne6 Rdc8 32. Qxd6 g5 33. c5 Re8 34. Nc7 1-0

[Event "Cappelle op 29th"]
[Site "Cappelle la Grande"]
[Date "2013.02.25"]
[Round "4"]
[White "Baron, Tal"]
[Black "Roger, Mehdi"]
[Result "1-0"]
[WhiteElo "2470"]
[BlackElo "2144"]
[PlyCount "117"]
[EventDate "2013.02.23"]
[EventType "swiss"]
[EventRounds "9"]
[EventCountry "FRA"]
[SourceTitle "CBM 153 Extra"]
[Source "ChessBase"]
[SourceDate "2013.04.22"]
[SourceVersion "1"]
[SourceVersionDate "2013.04.22"]
[SourceQuality "1"]

1. d4 Nf6 2. c4 g6 3. Nc3 Bg7 4. e4 d6 5. Nf3 0-0 6. h3 e5 7. d5 Na6 8. Bg5 h6 9. Be3 Nc5 10. Nd2 a5 11. Be2 Bd7 12. 0-0 Nh7 13. f3 f5 14. g4 f4 15. Bf2 Bf6 16. Qe1 h5 17. Kg2 hxg4 18. hxg4 Ng5 19. b3 Kg7 20. Rh1 Qe7 21. Qc1 Rh8 22. Qb2 Nf7 23. a3 Bh4 24. b4 axb4 25. axb4 Rxa1 26. Qxa1 Bxf2 27. Kxf2 Rxh1 28. Qxh1 Na6 29. Na2 Nb8 30. Kg2 Be8 31. Nc1 b6 32. Nd3 Nd7 33. Qa1 Kf8 34. Qa7 Nf6 35. c5 bxc5 36. bxc5 Ng5 37. c6 Qh7 38. Nf2 Qe7 39. Nb1 Bf7 40. Nc3 Ne8 41. Qb8 Bg8 42. Ba6 Nh7 43. Nb5 Nhf6 44. Nc3 Qh7 45. Bc8 Qh4 46. Ne2 Ke7 47. Kf1 g5 48. Nc3 Qg3 49. Ke2 Bh7 50. Be6 Qg1 51. Ncd1 Qg2 52. Qc8 Qg3 53. Bd7 Bg8 54. Bxe8 Nxe8 55. Nc3 Qg1 56. Nb5 Qc1 57. Nxc7 Qc4+ 58. Ke1 Qc3+ 59. Kf1 1-0

[Event "Cappelle op 29th"]
[Site "Cappelle la Grande"]
[Date "2013.02.23"]
[Round "1"]
[White "Roger, Mehdi"]
[Black "Deknuydt, Claudy"]
[Result "1-0"]
[WhiteElo "2144"]
[BlackElo "1948"]
[PlyCount "53"]
[EventDate "2013.02.23"]
[EventType "swiss"]
[EventRounds "9"]
[EventCountry "FRA"]
[SourceTitle "CBM 153 Extra"]
[Source "ChessBase"]
[SourceDate "2013.04.22"]
[SourceVersion "1"]
[SourceVersionDate "2013.04.22"]
[SourceQuality "1"]

1. e4 e6 2. d4 d5 3. Nc3 Bb4 4. e5 c5 5. Bd2 a6 6. a3 Bxc3 7. Bxc3 cxd4 8. Qxd4 Ne7 9. Nf3 Nbc6 10. Qg4 Nf5 11. Bd3 0-0 12. 0-0 d4 13. Bd2 f6 14. Rae1 Kh8 15. Qh3 Nxe5 16. Nxe5 fxe5 17. Rxe5 Qf6 18. Rfe1 g6 19. Bxf5 gxf5 20. c3 d3 21. Qxd3 Rd8 22. Qe2 f4 23. f3 Bd7 24. c4 Rf8 25. Bc3 Kg8 26. Rd5 e5 27. Rxd7 1-0

[Event "Lille Luce op 3rd"]
[Site "Lille"]
[Date "2012.04.26"]
[Round "5"]
[White "Loiseau, Quentin"]
[Black "Roger, Mehdi"]
[Result "1-0"]
[WhiteElo "2273"]
[BlackElo "2094"]
[PlyCount "75"]
[EventDate "2012.04.23"]
[EventType "swiss"]
[EventRounds "8"]
[EventCountry "FRA"]
[SourceTitle "CBM 148 Extra"]
[Source "ChessBase"]
[SourceDate "2012.06.22"]
[SourceVersion "1"]
[SourceVersionDate "2012.06.22"]
[SourceQuality "1"]

1. d4 Nf6 2. Nf3 g6 3. c4 Bg7 4. Nc3 0-0 5. e4 d6 6. Be2 e5 7. Be3 Ng4 8. Bg5 f6 9. Bh4 Nc6 10. d5 Ne7 11. Nd2 Nh6 12. f3 g5 13. Bf2 f5 14. c5 Ng6 15. cxd6 cxd6 16. g3 g4 17. exf5 gxf3 18. Bxf3 Nxf5 19. 0-0 Nd4 20. Bg2 Nh8 21. Nde4 a6 22. Kh1 Bf5 23. Be3 Qd7 24. Qd2 Bg4 25. Rxf8+ Rxf8 26. Rf1 Rxf1+ 27. Bxf1 Nf7 28. Bg2 Qf5 29. Qf2 Qxf2 30. Bxf2 Kf8 31. h3 Bd7 32. Be3 Ke7 33. g4 h6 34. Kh2 b5 35. Bf1 Bf6 36. Kg3 Bg5 37. Nxg5 hxg5 38. Ne4 1-0